000 00594nam a22002177a 4500
003 UA-OsUOA
001 71094
007 ta
008 20101005b un ||||| |||| 00| 0 ukr d
100 _aМойсеєнко В.
090 _a94(477)
_bМ74
942 _cSA
040 _aUA-OsUOA
_bukr
_cUA-OsUOA
_dUA-OsUOA
245 _aШлях до нової віри. Хрещення Русі: міфи і реальність
300 _aС.11
955 _a0
041 _aukr
080 _a94(477)
773 0 _w71090
650 7 _a9 Географія. Біографії. Історія
_2UDC
999 _c357364
_d357364